000 00524nam a2200205Ia 4500
003 IIN
005 20250507114658.0
008 231217s2023 xx d 001 0 eng d
020 _cRs.475.00
_a9781543345711
040 _aIIN
_bEnglish
082 _a610.73
_bKUM
100 1 _aKumari, Neelam
245 2 _aA Textbook of Applied Sociology/
_cNeelam Kumari
260 _aJalandhar
_bPee Vee
_c2023
300 _a373p.
500 _aIncludes Index
650 1 _aSociology
650 1 _aSociology
_vNursing
942 _cBOOK
999 _c1588
_d1588